[Event "IECC Swiss email"]
[Site "IECC email"]
[Date "2001.02.14"]
[Round "?"]
[White "Hassan, William"]
[Black "Jorgensen, Frank Lyde"]
[Result "1-0"]
[WhiteElo "1772"]
[BlackElo "1469"]
[PlyCount "39"]
[EventDate "2001.??.??"]
[EventType "tourn (corr)"]
[EventRounds "6"]
[SourceTitle "Corr 2008"]
[Source "ChessBase"]
[SourceDate "2008.06.24"]
[SourceVersion "1"]
[SourceVersionDate "2008.06.24"]
[SourceQuality "1"]

1. e4 e5 2. f4 exf4 3. Nf3 d5 4. exd5 Qxd5 5. Nc3 Qe6+ 6. Kf2 c6 7. d4 Bd6 8. Bd3 Ne7 9. Re1 Qh6 10. Ne4 Bc7 11. Bd2 a5 12. Neg5 Bg4 13. Qe2 Bd6 14. Bxf4 Bxf3 15. Qxf3 0-0 16. Bxd6 Qxd6 17. Bxh7+ Kh8 18. Nxf7+ Rxf7 19. Qxf7 Qxd4+ 20. Kg3 1-0

[Event "IECC CL4-2001.04"]
[Site "IECC email"]
[Date "2001.02.10"]
[Round "?"]
[White "Jorgensen, Frank Lyde"]
[Black "Madge, Paul"]
[Result "0-1"]
[WhiteElo "1465"]
[BlackElo "1636"]
[PlyCount "84"]
[EventDate "2001.??.??"]
[EventType "tourn (corr)"]
[EventRounds "4"]
[SourceTitle "Corr 2008"]
[Source "ChessBase"]
[SourceDate "2008.06.24"]
[SourceVersion "1"]
[SourceVersionDate "2008.06.24"]
[SourceQuality "1"]

1. e4 c5 2. Nf3 Nc6 3. Nc3 d6 4. b3 g6 5. Bb2 Bg7 6. Be2 Nf6 7. d3 Qa5 8. Qd2 0-0 9. 0-0 b5 10. a4 b4 11. Nd1 Qc7 12. Rc1 Rd8 13. c4 Bb7 14. h3 Na5 15. Qc2 Nc6 16. Qd2 e6 17. Ne3 a6 18. Rcd1 Na5 19. Qc2 Nc6 20. Nd2 Nd4 21. Bxd4 cxd4 22. Ng4 Nh5 23. f4 f5 24. exf5 Ng3 25. Rf2 exf5 26. Nh2 Nxe2+ 27. Rxe2 d5 28. g3 g5 29. Rf1 Re8 30. Rxe8+ Rxe8 31. Rf2 gxf4 32. gxf4 Bh6 33. Nhf1 Bxf4 34. Nf3 dxc4 35. dxc4 Be4 36. Qd1 Re7 37. Qxd4 Rg7+ 38. Kh1 Bg3 39. Nxg3 Qxg3 40. Qd8+ Kf7 41. Qd7+ Kg6 42. Qe6+ Kh5 0-1

[Event "IECC CL4-2001.04"]
[Site "IECC email"]
[Date "2001.02.10"]
[Round "?"]
[White "Van Dam, Carl"]
[Black "Jorgensen, Frank Lyde"]
[Result "1/2-1/2"]
[WhiteElo "1694"]
[BlackElo "1456"]
[PlyCount "82"]
[EventDate "2001.??.??"]
[EventType "tourn (corr)"]
[EventRounds "4"]
[SourceTitle "Corr 2008"]
[Source "ChessBase"]
[SourceDate "2008.06.24"]
[SourceVersion "1"]
[SourceVersionDate "2008.06.24"]
[SourceQuality "1"]

1. e4 e5 2. Nf3 Nc6 3. Bc4 Bc5 4. 0-0 d6 5. c3 Qf6 6. d3 Bg4 7. Be3 Bxf3 8. Qxf3 Qxf3 9. gxf3 Nf6 10. Nd2 0-0 11. f4 Bxe3 12. fxe3 a5 13. h4 Rfd8 14. Rae1 Rab8 15. a4 h6 16. Kf2 Ne7 17. Nf3 exf4 18. exf4 c6 19. Ke3 d5 20. Ba2 dxe4 21. dxe4 Ng4+ 22. Ke2 Ng6 23. Nd4 h5 24. e5 Kf8 25. Bb1 Nxh4 26. Be4 c5 27. Nb3 b5 28. Nxc5 bxa4 29. Nxa4 Ng6 30. Rb1 Ke7 31. b4 axb4 32. Rxb4 Rxb4 33. cxb4 Nf8 34. Nc3 Ne6 35. Nd5+ Ke8 36. Rd1 g5 37. fxg5 Nxg5 38. Bg2 Nxe5 39. Nf6+ Ke7 40. Rxd8 Kxd8 41. Nxh5 Ne6 1/2-1/2

[Event "IECC CL5-2000.35"]
[Site "IECC email"]
[Date "2000.11.18"]
[Round "?"]
[White "Wright, Barry"]
[Black "Jorgensen, Frank Lyde"]
[Result "1/2-1/2"]
[WhiteElo "1402"]
[BlackElo "1415"]
[PlyCount "66"]
[EventDate "2000.??.??"]
[EventType "tourn (corr)"]
[EventRounds "4"]
[SourceTitle "Corr 2008"]
[Source "ChessBase"]
[SourceDate "2008.06.24"]
[SourceVersion "1"]
[SourceVersionDate "2008.06.24"]
[SourceQuality "1"]

1. Nf3 Nc6 2. g3 e5 3. d3 Nf6 4. e4 Bc5 5. Bg2 d6 6. 0-0 h6 7. Be3 Bb6 8. Nc3 0-0 9. h3 Bxe3 10. fxe3 Be6 11. Nh4 Qd7 12. g4 Ne7 13. Nf5 Nh7 14. Qe1 c6 15. Qh4 Ng6 16. Qf2 b5 17. a3 a5 18. d4 Qc7 19. Qd2 Bc4 20. Rf2 Rad8 21. d5 b4 22. Ne2 c5 23. Nc1 Ne7 24. Bf1 Bxf1 25. Rxf1 Ng5 26. Qg2 Nh7 27. Kh2 Nxf5 28. exf5 f6 29. e4 Ng5 30. Qe2 Rb8 31. b3 Rfc8 32. h4 Nf7 33. axb4 axb4 1/2-1/2

[Event "IECC CL5-2000.29"]
[Site "IECC email"]
[Date "2000.09.15"]
[Round "?"]
[White "Jorgensen, Frank Lyde"]
[Black "Stone, Stephan"]
[Result "0-1"]
[WhiteElo "1435"]
[BlackElo "1351"]
[PlyCount "84"]
[EventDate "2000.??.??"]
[EventType "tourn (corr)"]
[EventRounds "4"]
[SourceTitle "Corr 2008"]
[Source "ChessBase"]
[SourceDate "2008.06.24"]
[SourceVersion "1"]
[SourceVersionDate "2008.06.24"]
[SourceQuality "1"]

1. e4 c5 2. Nf3 d6 3. c3 Nf6 4. Be2 g6 5. 0-0 Bg7 6. Re1 Nbd7 7. d3 a6 8. Qb3 b5 9. Bf4 Nf8 10. e5 Nh5 11. Qd5 Be6 12. Qe4 Bf5 13. Qe3 Nxf4 14. Qxf4 dxe5 15. Nxe5 Ne6 16. Qe3 Qd6 17. Bf3 Rd8 18. Bc6+ Kf8 19. Bf3 Qxe5 20. Qxe5 Bxe5 21. Rxe5 Rxd3 22. Rd5 Rxd5 23. Bxd5 Kg7 24. Bxe6 Bxe6 25. Nd2 Rd8 26. Ne4 c4 27. a4 Bf5 28. Ng3 Rd2 29. Nxf5+ gxf5 30. axb5 axb5 31. Rb1 f4 32. Kf1 Rc2 33. Re1 Kf6 34. Re4 e5 35. Re2 Rxe2 36. Kxe2 e4 37. Kd2 Kf5 38. f3 e3+ 39. Ke2 Kg5 40. g3 h5 41. Kf1 fxg3 42. hxg3 f5 0-1

[Event "IECC KO email"]
[Site "IECC email"]
[Date "2000.07.22"]
[Round "?"]
[White "Jorgensen, Frank Lyde"]
[Black "MacDonald, Jim"]
[Result "0-1"]
[WhiteElo "1424"]
[BlackElo "1418"]
[PlyCount "52"]
[EventDate "2000.??.??"]
[EventType "tourn (corr)"]
[EventRounds "6"]
[SourceTitle "Corr 2008"]
[Source "ChessBase"]
[SourceDate "2008.06.24"]
[SourceVersion "1"]
[SourceVersionDate "2008.06.24"]
[SourceQuality "1"]

1. e4 e6 2. d4 d5 3. e5 c5 4. c3 Nc6 5. Nf3 Qb6 6. a3 cxd4 7. cxd4 Nh6 8. Nc3 Nf5 9. Be3 Be7 10. Qc2 Bd7 11. Qd2 Na5 12. Rb1 Rc8 13. Bd3 Nc4 14. Bxc4 Rxc4 15. 0-0 0-0 16. b4 Rfc8 17. Rfc1 h6 18. Ne2 Qc7 19. Rxc4 dxc4 20. Rc1 b5 21. h3 Bc6 22. Ne1 Qd7 23. Nc3 Bb7 24. Nc2 Nh4 25. Bg5 Bxg5 26. Qxg5 hxg5 0-1

[Event "IECC KO email"]
[Site "IECC email"]
[Date "2000.06.02"]
[Round "?"]
[White "Robbiani, Simone"]
[Black "Jorgensen, Frank Lyde"]
[Result "0-1"]
[WhiteElo "1501"]
[BlackElo "1371"]
[PlyCount "34"]
[EventDate "2000.??.??"]
[EventType "tourn (corr)"]
[EventRounds "6"]
[SourceTitle "Corr 2008"]
[Source "ChessBase"]
[SourceDate "2008.06.24"]
[SourceVersion "1"]
[SourceVersionDate "2008.06.24"]
[SourceQuality "1"]

1. e4 e5 2. Nc3 Nf6 3. Bc4 Nxe4 4. Qh5 Nd6 5. Bb3 Nc6 6. Nb5 g6 7. Qf3 Nf5 8. g4 d6 9. gxf5 Bxf5 10. Ne2 a6 11. Nbc3 Qd7 12. Ng3 Be6 13. Qf6 Rg8 14. Bxe6 Qxe6 15. Qf3 Bh6 16. Nd5 0-0-0 17. Nf6 Nd4 0-1

[Event "IECC KO email"]
[Site "IECC email"]
[Date "2000.05.22"]
[Round "?"]
[White "Jorgensen, Frank Lyde"]
[Black "Venturas, Bob"]
[Result "1-0"]
[WhiteElo "1393"]
[BlackElo "1387"]
[PlyCount "55"]
[EventDate "2000.??.??"]
[EventType "tourn (corr)"]
[EventRounds "6"]
[SourceTitle "Corr 2008"]
[Source "ChessBase"]
[SourceDate "2008.06.24"]
[SourceVersion "1"]
[SourceVersionDate "2008.06.24"]
[SourceQuality "1"]

1. e4 e5 2. Nf3 Nc6 3. Bb5 a6 4. Ba4 b5 5. Bb3 Qf6 6. a4 Bb7 7. axb5 axb5 8. Rxa8+ Bxa8 9. Nc3 Bc5 10. Nxb5 Kd8 11. d4 exd4 12. Bg5 Na5 13. Bxf6+ Nxf6 14. 0-0 Nxb3 15. cxb3 Re8 16. Nbxd4 Rxe4 17. Nf5 Rg4 18. h3 Rf4 19. N5d4 d6 20. Qa1 Be4 21. Ne2 Rf5 22. Ng3 Rd5 23. Nxe4 Kd7 24. Nxf6+ gxf6 25. Qa4+ c6 26. Qe4 f5 27. Qh4 Rd3 28. Qxh7 1-0

[Event "IECC CL6-2000.10"]
[Site "IECC email"]
[Date "2000.02.23"]
[Round "?"]
[White "Jorgensen, Frank Lyde"]
[Black "Sanchez, Christian"]
[Result "0-1"]
[WhiteElo "1390"]
[BlackElo "1265"]
[PlyCount "68"]
[EventDate "2000.??.??"]
[EventType "tourn (corr)"]
[EventRounds "4"]
[SourceTitle "Corr 2008"]
[Source "ChessBase"]
[SourceDate "2008.06.24"]
[SourceVersion "1"]
[SourceVersionDate "2008.06.24"]
[SourceQuality "1"]

1. f4 Nf6 2. g3 d5 3. Bg2 g6 4. d4 Bg7 5. Nf3 0-0 6. 0-0 b6 7. Nc3 Bb7 8. b3 c5 9. Bb2 Nc6 10. dxc5 Ne4 11. Ne5 Nxc3 12. Bxc3 Nxe5 13. Bxe5 Bxe5 14. fxe5 bxc5 15. c4 e6 16. Qc1 Qc7 17. Qf4 Rfd8 18. e3 dxc4 19. Bxb7 Qxb7 20. bxc4 Rd2 21. Rf2 Rad8 22. Raf1 R8d7 23. h4 h5 24. g4 Rxf2 25. Qxf2 hxg4 26. Qf4 Rd2 27. Qxg4 Rxa2 28. h5 Qb2 29. Qg3 Ra1 30. hxg6 Rxf1+ 31. Kxf1 Qb1+ 32. Ke2 Qxg6 33. Qh4 Qc2+ 34. Kf3 Qf5+ 0-1

[Event "IECC CL5-2000.01"]
[Site "IECC email"]
[Date "1999.10.13"]
[Round "?"]
[White "Forghieri, Giorgio"]
[Black "Jorgensen, Frank Lyde"]
[Result "0-1"]
[WhiteElo "1410"]
[BlackElo "1355"]
[PlyCount "73"]
[EventDate "2000.??.??"]
[EventType "tourn (corr)"]
[EventRounds "4"]
[SourceTitle "Corr 2008"]
[Source "ChessBase"]
[SourceDate "2008.06.24"]
[SourceVersion "1"]
[SourceVersionDate "2008.06.24"]
[SourceQuality "1"]

1. e4 e5 2. Nf3 Nc6 3. Bb5 a6 4. Bxc6 dxc6 5. b3 Bg4 6. 0-0 Bxf3 7. Qxf3 Qf6 8. Qe2 Bc5 9. Bb2 0-0-0 10. Na3 Ne7 11. c3 Ng6 12. g3 Qg5 13. d4 exd4 14. cxd4 Bxd4 15. Bxd4 Rxd4 16. f4 Qe7 17. Nc4 Rxe4 18. Qf2 Kb8 19. Rac1 Re2 20. Qf3 Rxa2 21. Rfe1 Qc5+ 22. Kf1 Rxh2 23. f5 Rf8 24. Rcd1 Rc2 25. Rd7 Nh8 26. Qf4 Rc8 27. Re5 Qa7 28. Ree7 h6 29. Ne3 Rc1+ 30. Ke2 Qb6 31. Qe4 Rc3 32. Qa4 Qxb3 33. Qxb3 Rxb3 34. Nc4 g6 35. g4 gxf5 36. gxf5 Rg8 37. Rxc7 0-1

[Event "IECC Trio 776 email"]
[Site "IECC email"]
[Date "1999.08.07"]
[Round "?"]
[White "Cook, Dave"]
[Black "Jorgensen, Frank Lyde"]
[Result "1/2-1/2"]
[WhiteElo "1349"]
[BlackElo "1363"]
[PlyCount "58"]
[EventDate "1999.??.??"]
[EventType "tourn (corr)"]
[EventRounds "4"]
[SourceTitle "Corr 2008"]
[Source "ChessBase"]
[SourceDate "2008.06.24"]
[SourceVersion "1"]
[SourceVersionDate "2008.06.24"]
[SourceQuality "1"]

1. e4 e5 2. Nf3 Nc6 3. Bc4 Nf6 4. d4 exd4 5. 0-0 h6 6. Re1 Bc5 7. e5 Nh7 8. c3 dxc3 9. Qd5 Qe7 10. Nxc3 0-0 11. a3 d6 12. b4 Bb6 13. Bf4 dxe5 14. Nxe5 Nxe5 15. Qxe5 Qxe5 16. Bxe5 Be6 17. Nd5 Bxd5 18. Bxd5 c6 19. Bb3 a5 20. Rad1 axb4 21. axb4 Rad8 22. Bc3 Rxd1 23. Rxd1 Rd8 24. Rxd8+ Bxd8 25. Bd4 Nf6 26. Bc4 Kf8 27. b5 cxb5 28. Bxb5 b6 29. f3 Nd5 1/2-1/2